[Event "Gatineau LEO-B"]
[Site "Gatineau"]
[Date "2012.05.12"]
[Round "6"]
[White "Danilov, Alexandre"]
[Black "Dagenais, Benoit"]
[Result "1/2-1/2"]
[WhiteElo "1680"]
[BlackElo "1700"]
[PlyCount "60"]
[EventDate "2012.04.10"]
[EventType "swiss"]
[EventRounds "6"]
[EventCountry "CAN"]
[SourceTitle "EXT 2013"]
[Source "ChessBase"]
[SourceDate "2012.11.22"]
[SourceVersion "1"]
[SourceVersionDate "2012.11.22"]
[SourceQuality "1"]

1. Nf3 d5 2. d4 Bg4 3. c3 Bxf3 4. exf3 e6 5. Bd3 c5 6. f4 cxd4 7. Bb5+ Nc6 8. Qxd4 Nge7 9. Qd3 g6 10. h4 Nf5 11. h5 Bg7 12. g4 Nd6 13. hxg6 hxg6 14. Rxh8+ Bxh8 15. Bxc6+ bxc6 16. g5 Qb6 17. Nd2 0-0-0 18. Nb3 c5 19. Be3 d4 20. cxd4 c4 21. Qc2 Kb8 22. Nc5 Nf5 23. Qxc4 Nxd4 24. 0-0-0 Rd5 25. Bxd4 Bxd4 26. Nb3 Bxb2+ 27. Kc2 Qxf2+ 28. Rd2 Rxd2+ 29. Nxd2 Qb6 30. Qa4 Bd4 1/2-1/2

[Event "Gatineau Commanditaires op"]
[Site "Gatineau"]
[Date "2012.03.13"]
[Round "3"]
[White "Arsenault, Yves"]
[Black "Danilov, Alexandre"]
[Result "1-0"]
[WhiteElo "1570"]
[BlackElo "1713"]
[PlyCount "30"]
[EventDate "2012.02.28"]
[EventType "swiss"]
[EventRounds "4"]
[EventCountry "CAN"]
[SourceTitle "EXT 2013"]
[Source "ChessBase"]
[SourceDate "2012.11.22"]
[SourceVersion "1"]
[SourceVersionDate "2012.11.22"]
[SourceQuality "1"]

1. e4 c5 2. Nf3 e6 3. Nc3 Nc6 4. d4 cxd4 5. Nxd4 Qc7 6. a3 a6 7. Be2 Nf6 8. 0-0 Be7 9. Be3 0-0 10. f4 b5 11. Bf3 Bb7 12. e5 Nxd4 13. Bxd4 Bxf3 14. Qxf3 Ne8 15. Qxa8 d6 1-0

[Event "Gatineau CEH op"]
[Site "Gatineau"]
[Date "2010.02.02"]
[Round "4"]
[White "Sabourin, Yves"]
[Black "Danilov, Alexandre"]
[Result "0-1"]
[WhiteElo "1387"]
[BlackElo "1792"]
[PlyCount "103"]
[EventDate "2010.01.12"]
[EventType "swiss"]
[EventRounds "7"]
[EventCountry "CAN"]
[SourceTitle "EXT 2011"]
[Source "ChessBase"]
[SourceDate "2010.11.26"]
[SourceVersion "1"]
[SourceVersionDate "2010.11.26"]
[SourceQuality "1"]

1. d4 Nf6 2. c4 e6 3. Nc3 Bb4 4. a3 Bxc3+ 5. bxc3 c5 6. Nf3 0-0 7. Bg5 Nc6 8. d5 Na5 9. e4 d6 10. Bd3 b6 11. 0-0 Ba6 12. Qe2 Re8 13. Rab1 Qe7 14. Rfe1 h6 15. Bh4 g5 16. Bg3 e5 17. h3 Nh5 18. Bh2 Nf4 19. Bxf4 gxf4 20. Nd2 Kh7 21. Qh5 Rg8 22. Kh1 Rg5 23. Qf3 Rag8 24. Rg1 Bc8 25. g3 Bxh3 26. gxf4 Bg4 27. fxg5 Bxf3+ 28. Nxf3 hxg5 29. Rg4 Rg6 30. Rbg1 f6 31. Kg2 Qd7 32. Kf1 Qa4 33. Ke2 Qxa3 34. Nh4 Rh6 35. Nf5 Rh2 36. R4g2 Qa2+ 37. Kf3 Rxg2 38. Rh1+ Kg8 39. Kxg2 Qd2 40. Bf1 Qxc3 41. Rh3 Qb2 42. Rh6 Nb3 43. Nxd6 Nd4 44. Rg6+ Kh7 45. Rxf6 Qc3 46. Ne8 g4 47. d6 Qh3+ 48. Kg1 Qh4 49. d7 Nf3+ 50. Rxf3 gxf3 51. Nd6 Qg4+ 52. Kh2 0-1

[Event "Gatineau Defi Nez-B"]
[Site "Gatineau"]
[Date "2009.11.24"]
[Round "2"]
[White "MacIsaac, Alexandre"]
[Black "Danilov, Alexandre"]
[Result "1/2-1/2"]
[WhiteElo "1529"]
[BlackElo "1851"]
[PlyCount "79"]
[EventDate "2009.11.17"]
[EventType "swiss"]
[EventRounds "5"]
[EventCountry "CAN"]
[SourceTitle "EXT 2011"]
[Source "ChessBase"]
[SourceDate "2010.11.26"]
[SourceVersion "1"]
[SourceVersionDate "2010.11.26"]
[SourceQuality "1"]

1. e4 e5 2. Nf3 Nc6 3. Bb5 a6 4. Ba4 d6 5. 0-0 Bd7 6. d4 f6 7. d5 Nce7 8. Bxd7+ Qxd7 9. c4 g6 10. Nc3 Nh6 11. Qb3 b6 12. a4 Bg7 13. a5 bxa5 14. Bxh6 Bxh6 15. Rxa5 0-0 16. Rfa1 Rfb8 17. Qa3 f5 18. Rxa6 Rxa6 19. Qxa6 fxe4 20. Nxe4 Qf5 21. Nxd6 cxd6 22. Qxd6 Rxb2 23. Qxe5 Rb1+ 24. Rxb1 Qxb1+ 25. Qe1 Qxe1+ 26. Nxe1 Kf7 27. Kf1 Kf6 28. Nd3 Kf5 29. f3 Be3 30. Ke2 Bg1 31. g3 Ba7 32. h4 h5 33. d6 Nc6 34. c5 Nd4+ 35. Kf1 Bb8 36. Kf2 Ne6 37. g4+ hxg4 38. fxg4+ Kxg4 39. Ne5+ Kxh4 40. Nxg6+ 1/2-1/2

[Event "Gatineau Maisonneuve Memorial"]
[Site "Gatineau"]
[Date "2009.10.13"]
[Round "1"]
[White "Danilov, Alexandre"]
[Black "Rainey, Ivan"]
[Result "1-0"]
[WhiteElo "1868"]
[BlackElo "1413"]
[PlyCount "53"]
[EventDate "2009.10.13"]
[EventType "swiss"]
[EventRounds "5"]
[EventCountry "CAN"]
[SourceTitle "EXT 2011"]
[Source "ChessBase"]
[SourceDate "2010.11.26"]
[SourceVersion "1"]
[SourceVersionDate "2010.11.26"]
[SourceQuality "1"]

1. e4 e6 2. d3 d5 3. Nd2 c5 4. g3 Nf6 5. Bg2 Nc6 6. Ngf3 Be7 7. 0-0 0-0 8. Re1 Qc7 9. c3 b6 10. e5 Nd7 11. d4 cxd4 12. cxd4 Ba6 13. Bf1 Bxf1 14. Nxf1 Rfe8 15. Be3 f6 16. Rc1 Qb7 17. exf6 Bxf6 18. Bg5 h6 19. h4 Nxd4 20. Nxd4 hxg5 21. hxg5 Bxg5 22. Rc6 Nf8 23. Qc2 e5 24. Rc7 Qa6 25. Qb3 Qa5 26. Qf3 Qxe1 27. Qf7+ 1-0

[Event "Gatineau Fischer Memorial"]
[Site "Gatineau"]
[Date "2009.02.10"]
[Round "4"]
[White "Scantland, Patrick"]
[Black "Danilov, Alexandre"]
[Result "0-1"]
[WhiteElo "1715"]
[BlackElo "1850"]
[PlyCount "40"]
[EventDate "2009.01.20"]
[EventType "swiss"]
[EventRounds "6"]
[EventCountry "CAN"]
[SourceTitle "EXT 2011"]
[Source "ChessBase"]
[SourceDate "2010.11.26"]
[SourceVersion "1"]
[SourceVersionDate "2010.11.26"]
[SourceQuality "1"]

1. d4 Nf6 2. c4 e6 3. Nf3 b6 4. g3 Bb7 5. Bg2 Be7 6. Nc3 Ne4 7. Qc2 Nxc3 8. Qxc3 0-0 9. 0-0 Bf6 10. Qd3 d5 11. b3 Nd7 12. Bf4 c5 13. e3 dxc4 14. Qxc4 Rc8 15. Qd3 Bxf3 16. Bxf3 e5 17. dxe5 Nxe5 18. Qxd8 Nxf3+ 19. Kg2 Rfxd8 20. Kxf3 g5 0-1

[Event "Gatineau Maisonneuve Memorial"]
[Site "Gatineau"]
[Date "2008.11.04"]
[Round "3"]
[White "Desjardins, Michel"]
[Black "Danilov, Alexandre"]
[Result "1/2-1/2"]
[WhiteElo "1978"]
[BlackElo "1883"]
[PlyCount "144"]
[EventDate "2008.10.21"]
[EventType "swiss"]
[EventRounds "5"]
[EventCountry "CAN"]
[SourceTitle "EXT 2011"]
[Source "ChessBase"]
[SourceDate "2010.11.26"]
[SourceVersion "1"]
[SourceVersionDate "2010.11.26"]
[SourceQuality "1"]

1. e4 c5 2. Nc3 e6 3. g3 d5 4. exd5 exd5 5. d4 cxd4 6. Qxd4 Nf6 7. Bg5 Be7 8. 0-0-0 0-0 9. Nxd5 Nxd5 10. Bxe7 Qxe7 11. Qxd5 Be6 12. Qe4 Nd7 13. Bh3 f5 14. Qe3 Qf7 15. a3 Rac8 16. Bg2 Nb6 17. Qf4 Rc7 18. Nh3 Rd7 19. Qe3 Nc4 20. Qe2 Qf6 21. c3 Nxa3 22. Rxd7 Bxd7 23. Bd5+ Kh8 24. Re1 Rc8 25. Qe5 Qxe5 26. Rxe5 Nc4 27. Re7 Nb6 28. Bxb7 Rd8 29. Ng5 Be8 30. Nf7+ Bxf7 31. Rxf7 g6 32. Ba6 Rd7 33. Rxd7 Nxd7 34. Kd2 Kg7 35. Ke3 Kf6 36. f4 Ke7 37. Be2 Kd6 38. Kd4 Nf6 39. Bf3 h6 40. b4 Ne8 41. c4 Nc7 42. c5+ Ke6 43. Bc6 a6 44. Kc4 g5 45. fxg5 hxg5 46. Kd4 Kf6 47. h4 gxh4 48. gxh4 Ne6+ 49. Ke3 f4+ 50. Kd3 Ke5 51. Bb7 Nc7 52. Ke2 Kf5 53. Bc8+ Ke5 54. h5 Nd5 55. Bxa6 Nxb4 56. Bb7 Nc2 57. h6 Nd4+ 58. Kf2 Kf6 59. Be4 Kf7 60. Kf1 Kg8 61. Kf2 Kf7 62. Kg2 Kf6 63. Kh3 Ne6 64. h7 Kg7 65. c6 Ng5+ 66. Kg4 Nxe4 67. Kxf4 Nd6 68. Ke5 Nb5 69. Kd5 Kxh7 70. Kc5 Nc7 71. Kb6 Nd5+ 72. Kb7 Kg7 1/2-1/2

[Event "Quebec-ch qual"]
[Site "Gatineau"]
[Date "2008.04.08"]
[Round "5"]
[White "Scantland, Patrick"]
[Black "Danilov, Alexandre"]
[Result "0-1"]
[WhiteElo "1711"]
[BlackElo "1922"]
[PlyCount "48"]
[EventDate "2008.03.11"]
[EventType "swiss"]
[EventRounds "5"]
[EventCountry "CAN"]
[SourceTitle "EXT 2011"]
[Source "ChessBase"]
[SourceDate "2010.11.26"]
[SourceVersion "1"]
[SourceVersionDate "2010.11.26"]
[SourceQuality "1"]

1. d4 Nf6 2. c4 e6 3. Nc3 Bb4 4. Qc2 0-0 5. a3 Bxc3+ 6. Qxc3 c5 7. Nf3 Ne4 8. Qc2 d5 9. Bf4 b6 10. e3 Bb7 11. Bd3 Nd7 12. 0-0 cxd4 13. cxd5 Rc8 14. Qb1 exd5 15. Bxe4 dxe4 16. Nxd4 Nc5 17. Rd1 Nd3 18. Bg3 Qd5 19. b4 Rc3 20. Qa2 Qh5 21. Ne2 Bd5 22. Qd2 Rb3 23. Nf4 Qf5 24. Ra2 Nxf4 0-1